Historical Figures that Americans Think were President - Statistics

General Stats
  • This quiz has been taken 102 times
  • The average score is 2 of 5
Answer Stats
Actual Role Figure % Correct
Founding father, diplomat, and Postmaster General Benjamin Franklin
97%
Secretary of the Treasury Alexander Hamilton
72%
Vice President John C. Calhoun
10%
Vice President Hubert Humphrey
6%
US Representative or Governor of Louisiana* Thomas Moore
2%
No matching quizzes found
Score Distribution
Percent of People with Each Score
Percentile by Number Answered
Your Score History
You have not taken this quiz